World Cup winners quiz - Statistics

General Stats
  • This quiz has been taken 94 times
  • The average score is 19 of 20
Answer Stats
Year Country % Correct
1958 Brazil
99%
1962 Brazil
99%
1970 Brazil
99%
1994 Brazil
99%
2002 Brazil
99%
1954 West Germany
99%
1974 West Germany
99%
1990 West Germany
99%
1934 Italy
98%
1938 Italy
98%
1982 Italy
98%
2006 Italy
98%
2014 Germany
97%
1998 France
94%
2010 Spain
94%
1978 Argentina
92%
1986 Argentina
92%
1966 England
87%
1930 Uruguay
87%
1950 Uruguay
87%
No matching quizzes found
Score Distribution
Percent of People with Each Score
Percentile by Number Answered
Your Score History
You have not taken this quiz